000
00432nam a2200181Ia 4500
008
100917s9999 xx 000 0 und d
082
_b
14838
100
_a
मित्र का. र.
245
_a
लीला
260
_b
---
_c
1909
300
_a
267
365
_b
0.75
520
_a
कादंबरी
630
_a
लीला
650
_a
कादंबरी
730
_a
लीला
942
_c
BOOK
999
_c
620232
_d
620229